|
|
|
|
| LEADER |
00000nam a2200000 a 4500 |
| 001 |
vtls001076074 |
| 003 |
SK-MaSNL |
| 005 |
20260302063929.0 |
| 008 |
250414s1994 xo slo |
| 015 |
|
|
|a SNBA1994/09
|
| 020 |
|
|
|a 8005008317
|
| 035 |
|
|
|a SNK000018907
|
| 035 |
|
|
|a urn:nbn:sk:snk-amlkpc
|
| 035 |
|
|
|a urn:nbn:sk:snk-am00bmqr
|
| 035 |
|
|
|a 2423F2EB-7915-499B-85C8-A34A54B9CCAE
|
| 040 |
|
|
|a SNK
|b slo
|c SNK
|e AACR2
|
| 041 |
0 |
|
|a slo
|
| 044 |
|
|
|a xo
|c SK
|
| 080 |
|
|
|a 744.4:684.4(075.3)
|2 1981
|
| 080 |
|
|
|a 684.4
|2 1981
|
| 100 |
1 |
|
|a Gánovský, Andrej,
|d 1942-2021
|4 aut
|9 60507
|
| 245 |
1 |
0 |
|a Odborné kreslenie pre 3. ročník SOU
|c Andrej Gánovský
|
| 250 |
|
|
|a 2. vyd.
|
| 260 |
|
|
|a Bratislava
|b Alfa
|c 1994
|e Partizánske
|f Garmond
|
| 300 |
|
|
|a 138 s., 15,53 AH, 15,72 VH
|b Sch., tab., lit. 7 zázn. v češ. a slov.
|c 29 cm
|
| 490 |
1 |
|
|a Edícia strojárskej literatúry
|
| 500 |
|
|
|a Schválilo MŠM a Tv SSR
|
| 655 |
|
7 |
|a učebnice
|2 SNK
|9 22521
|
| 852 |
|
|
|a Slovenská národná knižnica
|
| 919 |
|
|
|a 80-05-00831-7
|
| 954 |
|
|
|a kreslenie odborné
|a nábytkárstvo
|
| 958 |
0 |
7 |
|a RM
|
| 958 |
0 |
7 |
|a NB
|
| 958 |
0 |
7 |
|a UC
|
| 999 |
|
|
|c 1134868
|d 1136798
|
| 952 |
|
|
|t P60, <04>, [BOOK], {604}
|a SNK
|b SNK
|y VYP
|7 0
|p 17A0080521
|o snkSB 52902 D1
|0 0
|1 0
|4 0
|d 1997-07-15
|l 0
|r 2004-12-31 00:00:00
|w 2026-02-24
|
| 952 |
|
|
|a SNK
|b SNK
|y PREZ
|7 0
|p 17A0926377
|o snkSB 52902
|0 0
|1 0
|4 0
|d 2012-07-17
|f 1
|l 0
|r 2025-03-18 00:00:00
|w 2026-02-24
|